00561cam a22002291 4500001001300000003000400013005001700017008004100034010001700075025002000092035002000112040002100132042001200153050001700165100003400182245002800216260001100244300001800255500001600273650002500289999001700314sa 68010739 DLC20260227112554.0950303s1965 ii 000 0 beno  asa 68010739  aPL480:EP-B-1621 a(OCoLC)32083999 aDLCcCUdCUdDLC apremarc00aHX550.I8bR31 aRahim, Mohammad Abdur,d1926-10aSamajatantra o Isalama. c[1965] a61 p.c19 cm. aIn Bengali. 0aSocialism and Islam. c83502d83502